Les Simpson - S07E01 - Qui a tiré sur Mr Burns ? (partie 2) - Statistiques

Statistiques générales
  • Ce quiz a été pris 20 fois
  • Le résultat moyen est 6 sur 10
Statistiques - réponses
Question Réponse % Correct
Qui n'a pas été accusé d'avoir tiré sur Monsieur Burns dans l'enquête menée par Lisa ? Krusty
100%
Par où la police fait-elle un détour avec le fourgon transportant le prisonnier ? le Krusty Burger
100%
Qui a finalement tiré sur Mr Burns ? Maggie
100%
Quelle est la première chose que dit Burns en se réveillant du coma ? Homer Simpson
67%
Lorsque Moe passe au détecteur de mensonge, qu'avoue-t-il faire quand il rentrera chez lui ? regarder un catalogue de bricolage
67%
Qui n'est pas présent au sommet de la ville pour faire tomber le cache soleil géant construit par Burns ? Apu
50%
Que donne Wiggum au scientifique du labo pour accélérer les résultats de l'identification ADN ? des cigarettes
50%
Lors du repas de famille, Lisa dit que n'importe qui chez eux pourrait être le coupable en donnant une raison pour tout le monde, sauf pour une personne. De qui s'agit-il ? Marge
50%
Lors du journal télévisé, comment Kent Brockman qualifie-t-il Burns en informant de son transport à l'hôpital ? despote
33%
De combien est la récompense offerte par Smithers pour la capture du prisonnier qui s'est échappé du fourgon ? 50 000 $
0%
Aucun quiz correspondant
Distribution des résultats
% des personnes avec chaque résultat
Percentile par nombre de réponses
Votre historique - résultats
Vous n’avez pas pris ce quiz